000 002640000a22000970004500
100 1 _aMiller, Randy
245 1 0 _aAIDS : Do Thailand's glimmers of hope spell good news for its neighbors?
300 _aNúm 59 (1998), Páginas 1-8
773 0 _tTogether
942 _cANA
999 _c57117
_d57117